00824nam a22002057a 4500003000900000008004100009020002200050040007100072082002400143110003200167245003300199260004000232300004200272505018400314650001500498650001100513650002500524700003000549700003900579AR-CdUCM190411b ||||| |||| 00| 0 spa d a978-607-404-969-5 aMUNICIPALIDAD PROVINCIAL DEL CUSCOcBIBLIOTECA MUNICIPAL DEL CUSCO aES / 372.808 /bH59 aMiles Kelly Publishing Ltd. a50 Historias Espeluznantes / aMéxico :bSilver Dolphin ;c2014. a512 páginas ;bIlustraciones c22cm aContenido: Brujas horribles y malvados hechiceros -- Actos osados y rescates temerarios -- Pequeños villanos y monstruos maléficos -- Mal agüero y muerte -- Bestias temibles aHistorias  aBrujas aEducación primaria aParker, Vic (compilador)  aCaballero, Samantha (traducción)